Statistics for Countryballs quiz #5

Click here to take the quiz!

General Stats

  • This quiz has been taken 23 times
  • The average score is 6 of 6

Answer Stats

Answer% Correct
Israel
100%
Ukraine
100%
Iraq
95%
Iran
90%
Turkmenistan
86%
Tajikistan
81%

Score Distribution

Percentile by Number Answered

Percent of People with Each Score

Your Score History

You have not taken this quiz